Mistrzowie Świata w Siatkówce - Statystyki

Ogólne statystyki
  • Ten quiz został rozwiązany 1 122 razy
  • Średni wynik to 16 z 19
Statystyki odpowiedzi
Rok Mistrz % Poprawnych
1974 Polska
100%
2014 Polska
100%
2018 Polska
100%
2002 Brazylia
97%
2006 Brazylia
97%
2010 Brazylia
97%
1990 Włochy
90%
1994 Włochy
90%
1998 Włochy
90%
1986 Stany Zjednoczone
88%
1949 ZSRR
77%
1952 ZSRR
77%
1960 ZSRR
77%
1962 ZSRR
77%
1978 ZSRR
77%
1982 ZSRR
77%
1956 Czechosłowacja
49%
1966 Czechosłowacja
49%
1970 NRD
46%
Nie znaleziono quizów pasujących do podanych kryteriów
Rozkład punktacji
Procent ludzi z każdym wynikiem
Percentyl według liczby udzielonych odpowiedzi
Twoja historia wyników
Nie rozwiązałeś tego quizu